00421cam a2200157ua 45000010005000000080039000050400009000440820008000531000029000612450051000902500009001412600041001503000017001916530014002086530041002223013110921n ii |||gr||||Z||||||asm cMAIN a9201 aSharma, Runuma,eEditor.11aJivan silpi Jyotiprasadced. by Runuma Sharma  a1st. aDibrugarh:bHaremba bardoloi,c2004. a296p:c25cm. aBiography aBiography of Jivan silpi Jyotiprasad